Memoria VII Reunión Interamericana de Ejecutivos de Reforma Agraria
Na minha lista:
| Autores Corporativos: | , |
|---|---|
| Formato: | Desconhecido |
| Publicado em: |
San José:
IICA. ITCO
|
| Tags: |
Adicionar Tag
Sem tags, seja o primeiro a adicionar uma tag!
|
MARC
| LEADER | 00000 a2200000 04500 | ||
|---|---|---|---|
| 001 | 15263 | ||
| 003 | |||
| 008 | 991231s d | ||
| 040 | |||
| 090 | |a 021407 | ||
| 110 | |a Instituto de Tierras y Colonización (Costa Rica) | ||
| 245 | |a Memoria VII Reunión Interamericana de Ejecutivos de Reforma Agraria |a Instituto de Tierras y Colonización (Costa Rica) | ||
| 260 | |a San José: |b IICA. ITCO | ||
| 710 | |a Instituto Interamericano de Ciencias Agrícolas | ||
| 999 | |c 16491 |d 16491 | ||
